30 nominowanych do Złotej piłki 2023 - Statystyki

Ogólne statystyki
  • Ten quiz został rozwiązany 111 razy
  • Średni wynik to 15 z 30
Statystyki odpowiedzi
Hint Odpowiedź % Poprawnych
1 Messi
100%
2 Haaland
95%
9 Lewandowski
91%
3 Mbappe
90%
4 Vini
81%
5 De bruyne
74%
28 Benzema
67%
13 Bellingham
66%
6 Rodri
66%
14 Kane
65%
15 Martinez
63%
21 Martinez
63%
27 Salah
62%
8 Modric
60%
7 Alvarez
53%
24 Silva
48%
20 Dias
47%
26 Saka
40%
12 Musiala
37%
11 Osimhen
36%
17 Griezmann
30%
18 Gundogan
28%
19 Odegaard
27%
16 Bono
25%
30 Gvardiol
25%
23 Kvaratskhelia
23%
29 Onana
19%
25 Koło muani
12%
22 Barella
9%
10 Jae
6%
Nie znaleziono quizów pasujących do podanych kryteriów
Rozkład punktacji
Procent ludzi z każdym wynikiem
Percentyl według liczby udzielonych odpowiedzi
Twoja historia wyników
Nie rozwiązałeś tego quizu